Summary report on the responses to the RICS consultation document RICS Valuer Accreditation and Regulation (Record no. 110185)

MARC details
000 -LEADER
fixed length control field 01268cam a22002175a 4500
001 - CONTROL NUMBER
control field E148723
008 - FIXED-LENGTH DATA ELEMENTS--GENERAL INFORMATION
fixed length control field 091027s2009 xxk f 000 0 eng d
035 ## - SYSTEM CONTROL NUMBER
System control number (Sirsi) u148723
041 0# - LANGUAGE CODE
Language code of text/sound track or separate title eng
050 04 - LIBRARY OF CONGRESS CALL NUMBER
Classification number 333.332 $2 18
110 2# - MAIN ENTRY--CORPORATE NAME
Corporate name or jurisdiction name as entry element Royal Institution of Chartered Surveyors
9 (RLIN) 4900
245 00 - TITLE STATEMENT
Title Summary report on the responses to the RICS consultation document RICS Valuer Accreditation and Regulation
Medium [electronic resource]
260 ## - PUBLICATION, DISTRIBUTION, ETC.
Place of publication, distribution, etc. London
Name of publisher, distributor, etc. RICS
Date of publication, distribution, etc. 2009
520 ## - SUMMARY, ETC.
Summary, etc. In March 2009 RICS Valuation Professional Group Board issued a 10 week consultation setting out proposals for a mandatory accreditation scheme for those RICS members who carry out valuations as part of their professional practice (see E147153). This document summarises the responses to the consultation. Key themes include accreditation v registration; scale and scope; regulation and cost; international applicability; and a new designation "RICS Accredited Valuer" and "Valuation Practice".
521 ## - TARGET AUDIENCE NOTE
Target audience note Advanced
590 ## - LOCAL NOTE (RLIN)
Local note KA
651 #4 - SUBJECT ADDED ENTRY--GEOGRAPHIC NAME
Geographic name United Kingdom
Chronological subdivision
690 ## - LOCAL SUBJECT ADDED ENTRY--TOPICAL TERM (OCLC, RLIN)
Topical term or geographic name as entry element PROPERTY-PROPERTY APPRAISAL AND VALUATION
856 40 - ELECTRONIC LOCATION AND ACCESS
Uniform Resource Identifier <a href="https://www.rics.org/Global/Downloads/valuation-consultation-response-summary.pdf">https://www.rics.org/Global/Downloads/valuation-consultation-response-summary.pdf</a>
Public note View the report free of charge at www.rics.org...
942 ## - ADDED ENTRY ELEMENTS (KOHA)
Suppress in OPAC 0
Holdings
Withdrawn status Lost status Source of classification or shelving scheme Damaged status Not for loan Home library Current library Shelving location Date acquired Total Checkouts Full call number Barcode Date last seen Copy number Price effective from Koha item type
    Dewey Decimal Classification     Virtual Virtual Online 27/10/2009   ONLINE PUBLICATION 148723-2001 06/08/2019 1 06/08/2019 Book